| 000 | 00649nam a2200241 a 4500 | ||
|---|---|---|---|
| 008 | |||
| 049 | _aMAIN | ||
| 090 |
_aQH434 _bBRA |
||
| 100 | 1 | _aBraun, Werner. | |
| 245 | 1 | 0 |
_aBacterial genetics/ _cby Werner Braun. |
| 250 | _a2nd ed. | ||
| 260 |
_aPhiladelphia: _bSaunders, _c1965. |
||
| 300 |
_axiii, 380 p. : _bill. ; _c25 cm. |
||
| 504 | _aIncludes bibliographical references. | ||
| 650 | 0 | _aBacterial genetics. | |
| 650 | 2 | _aBacteria | |
| 650 | 2 | _aGenetics. | |
| 907 |
_a.b10013763 _b04-05-12 _c17-04-03 |
||
| 003 | |||
| 005 | 20230123133128.0 | ||
| 040 | _cNUST | ||
| 942 |
_cBOOKS _kQH434 _mBRA |
||
| 999 |
_c143230 _d143230 |
||